000 00901cam a2200313 i 4500
001 0000449
003 DO-SdBPM
005 20250224123914.0
007 0000449
008 100514s2010 p | 000 f spa
015 _a
017 _a
_b
020 _a9786124026270
035 _a
040 _aDO-SdBPM
_bspa
_cBPMSU
_e
080 _a
082 4 _aP863.5
_bC276s 2010
_222
100 1 _dCarhuatocto, Miguel Ángel
_a
245 1 0 _aSastrecillo valiente /
_c Jacob y Wilhelm Grimm ; adaptación de Miguel Ángel Carhuatocto
260 _aLima, Perú :
_bIndustria Gráfica,
_c2010
_g
300 _aVarias paginaciones
_bil.;
_c29 cm
490 0 _aDiviertete coloreando,
_v2
590 _aInventariado, 2025/VM
650 4 _aCuentos infantiles peruano
650 4 _aLibros para colorear
_v
710 2 _aLexus
910 _aVMateo V. Control de caldiad. BPMSU
942 _2ddc
_cBK
999 _c14952
_d14952